01921nam a22002657a 4500003000900000008004100009040007100050082002600121245013100147260003500278300002900313440003400342505104200376650002201418650001801440650002101458650001801479700002001497700002801517700002801545700001901573700001801592700002001610700002501630AR-CdUCM190425b ||||| |||| 00| 0 spa d aMUNICIPALIDAD PROVINCIAL DEL CUSCOcBIBLIOTECA MUNICIPAL DEL CUSCO aSemanaCuzco/N°2/1946 aSemana del Cuzco :bCita continental en la capital arqueológica de América del 24 de junio al 1 de julio /cHumberto Vidal aCusco.bLa Económica,c1946. a100 páginas. :c21 cm. aSemana del Cuzco.nN°2, 1946 aContenido: Lo que significa la semana del Cuzco. Humberto Vidal. -- La María Angola campana histórica. José Gabriel Cosió. -- El valle sagrado de los Incas. Alfredo Yépez Miranda. -- Visión del Perú. Rafael Eliodoro Valle. -- La procesión del señor de los Temblores. José Mojica. -- Mediaciones sobre el día del Cuzco. Lalo. -- Homenaje a Fortunato L. Herrera. Cesar Vargas. -- Cuzco inmortal yo te saludo. Manuel Cuadros. -- Cuzco ciudad de ensueño y maravilla. Manuel Sánchez. -- Homenaje de la mujer al Cuzco. Barrionuevo. -- Un minuto en el Cuzco. -- Estampas de las tierras altas. -- Belleza en la arquitectura incana. Víctor Guillen. -- Evocación del inti Raymi. Julio Gutiérrez. -- Las calles del Cuzco. Luis Pardo. -- Muestrario de algunas expresiones indígenas. Víctor Navarro del Águila. -- El Cuzco. Uriel García. -- Saludo al Cuzco. Isauro Maldonado. -- Himnos al Cuzco. -- La segunda celebración de la serenata del Cuzco. -- Bendición e inauguración del Cristo de Tres Cruces.  aFiestas del Cusco aDia del Cusco aSemana del Cusco aCusqueñismo aYépez Miranda aCosió, José Gabriel aValle, Rafael Eliodoro aMojica, José aVargas, Cesar aCuadros, Manuel aVidal Unda, Humberto